|
|
|
|
| LEADER |
00000nam0a2200000 4500 |
| 001 |
265260 |
| 005 |
20231101233914.0 |
| 035 |
|
|
|a (RuTPU)RU\TPU\book\288261
|
| 035 |
|
|
|a RU\TPU\book\45403
|
| 090 |
|
|
|a 265260
|
| 100 |
|
|
|a 20140625d1959 m y0rusy50 ca
|
| 101 |
0 |
|
|a rus
|
| 102 |
|
|
|a RU
|
| 105 |
|
|
|a a j 001zy
|
| 200 |
1 |
|
|a Краткий курс сопротивления материалов
|e учебник
|f В. А. Гастев
|
| 210 |
|
|
|a Москва
|c Физматлит
|d 1959
|
| 215 |
|
|
|a 424 с.
|c ил.
|
| 320 |
|
|
|a Предметный указатель: с. 420-424.
|
| 606 |
1 |
|
|a Сопротивление материалов
|2 stltpush
|3 (RuTPU)RU\TPU\subj\55554
|9 73567
|
| 610 |
1 |
|
|a растяжение
|
| 610 |
1 |
|
|a сжатие
|
| 610 |
1 |
|
|a стержни
|
| 610 |
1 |
|
|a напряженное состояние
|
| 610 |
1 |
|
|a сдвиг
|
| 610 |
1 |
|
|a изгиб
|
| 610 |
1 |
|
|a поперечное сечение
|
| 610 |
1 |
|
|a кручение
|
| 610 |
1 |
|
|a деформированные тела
|
| 610 |
1 |
|
|a балки
|
| 610 |
1 |
|
|a расчет
|
| 610 |
1 |
|
|a устойчивость
|
| 610 |
1 |
|
|a вязко-пластические тела
|
| 610 |
1 |
|
|a динамические нагрузки
|
| 610 |
1 |
|
|a учебники
|
| 675 |
|
|
|a 539.3/.6(075.8)
|v 3
|
| 700 |
|
1 |
|a Гастев
|b В. А.
|g Владимир Алексеевич
|
| 801 |
|
1 |
|a RU
|b 63413507
|c 20021023
|g PSBO
|
| 801 |
|
2 |
|a RU
|b 63413507
|c 20221124
|g PSBO
|
| 942 |
|
|
|c BK
|